| 000 | 00364 a2200169 4500 | ||
|---|---|---|---|
| 001 | 182683 | ||
| 020 | _a85-01-03877-6 | ||
| 040 | _cMagnum | ||
| 100 | _aAndrade, Carlos Drummond de | ||
| 240 | 1 | 0 |
_aContos plausÃveis _lpor |
| 245 | 1 | 0 | _aContos plausÃveis |
| 300 | _a157 | ||
| 362 | 0 | _a1994 | |
| 440 | 1 | _aRecord | |
| 697 | _aLITERATURA GERAL | ||
| 942 | _cBK | ||
| 999 |
_c182683 _d182683 |
||